000 00512nam a2200193Ia 4500
001 849
003 GE_BSU
008 181216s||||||||xx |||||||||||||| ||und||
040 _cGE_BSU
080 _a651.1
100 _aВеселов,П.В.
245 _aКак составить служебный документ
260 _aМосква
260 _bЭкономика
260 _c1982
300 _a64стр.
653 _aКак составить служебный документ
942 _cBK
999 _c35011
_d35011